Work in a changing industrial society : Document prepared for an international conference

Guardat en:
Dades bibliogràfiques
Autor corporatiu: OECD
Format: Llibre
Idioma:Undetermined
Publicat: Paris Organization for economic co-operation and development 1974
Matèries:
Etiquetes: Afegir etiqueta
Sense etiquetes, Sigues el primer a etiquetar aquest registre!
Thư viện lưu trữ: Trung tâm Học liệu Trường Đại học Cần Thơ
LEADER 00565nam a2200193Ia 4500
001 CTU_80408
008 210402s9999 xx 000 0 und d
082 |a 303.4 
082 |b O.68 
110 |a OECD 
245 0 |a Work in a changing industrial society : 
245 0 |b Document prepared for an international conference 
245 0 |c OECD 
260 |a Paris 
260 |b Organization for economic co-operation and development 
260 |c 1974 
650 |a Social change 
904 |i Trọng Hải 
980 |a Trung tâm Học liệu Trường Đại học Cần Thơ